Statistics for 5 Longest Rivers by Continent

Click here to take the quiz!

General Stats

  • This quiz has been taken 44 times
  • The average score is 18 of 30

Answer Stats

River% Correct
Nile
100%
Mississippi
98%
Amazon
93%
Danube
93%
Yangtze
90%
Yellow
90%
Congo
88%
Volga
88%
Niger
85%
Murray
78%
Zambezi
78%
Rio Grande
75%
Yukon
75%
Ob
73%
Amur
65%
Paraná
65%
Dnieper
63%
St. Lawrence
60%
Yenisei
60%
Mackenzie
58%
Don
48%
Ural
35%
Tocantins
20%
Madeira
18%
Ubangi
18%
Cooper
15%
Murrumbidgee
13%
Purús
10%
Warburton
10%
Lachlan
8%

Score Distribution

Percentile by Number Answered

Percent of People with Each Score

Your Score History

You have not taken this quiz